[Event "Vesterhavsturneringen 2004"]
[Site "Esbjerg"]
[Date "2004.07.05"]
[Round "4"]
[White "Leutenberger, Kevin"]
[Black "Stovring, Claus"]
[Result "0-1"]
[WhiteElo "1669"]
[BlackElo "1975"]
[PlyCount "60"]
[EventDate "2004.??.??"]
[EventType "swiss"]
[EventRounds "9"]
[EventCountry "DEN"]

1. e4 e5 2. Nc3 Nc6 3. g3 Bc5 4. Bg2 d6 5. Nf3 Bg4 6. h3 Be6 7. O-O Qd7 8. Kh2
h6 9. d3 g5 10. Ne1 O-O-O 11. f4 gxf4 12. gxf4 exf4 13. Bxf4 Nge7 14. Nd5 Ng6
15. Nf6 Qe7 16. Bd2 Kb8 17. c3 Bc8 18. d4 Nxd4 19. cxd4 Bxd4 20. Nd5 Be5+ 21.
Bf4 Qh4 22. Bxe5 Nxe5 23. Rf4 Qg5 24. Nf3 Qg7 25. Nf6 Rdg8 26. Nxg8 Rxg8 27.
Qd2 Qg3+ 28. Kh1 Nd3 29. Ne1 Nxf4 30. Rc1 Bxh3 0-1

[Event "Vesterhavsturneringen 2004"]
[Site "Esbjerg"]
[Date "2004.07.05"]
[Round "4"]
[White "Lindgaard, Tobias Simon"]
[Black "Knudsen, Michael"]
[Result "0-1"]
[WhiteElo "1000"]
[BlackElo "1462"]
[PlyCount "84"]
[EventDate "2004.??.??"]
[EventType "swiss"]
[EventRounds "9"]
[EventCountry "DEN"]

1. Nf3 c5 2. c4 Nc6 3. Nc3 Nf6 4. g3 g6 5. Bg2 Bg7 6. O-O O-O 7. d3 d6 8. Bg5
Rb8 9. h3 Bd7 10. e4 Qc8 11. Qe2 Bxh3 12. e5 dxe5 13. Nxe5 Bxg2 14. Kxg2 Nxe5
15. Qxe5 Qc6+ 16. Kg1 Rfe8 17. Bf4 Nh5 18. Qg5 Nxf4 19. Qxf4 Rbd8 20. Rfd1 Rd4
21. Qe3 Rg4 22. Ne2 Bxb2 23. Rab1 Bd4 24. Qh6 Qf6 25. Nf4 Rxg3+ 26. Kf1 Rf3 27.
Rd2 Qxf4 28. Qxf4 Rxf4 29. Rxb7 e5 30. Rxa7 Re6 31. Ra8+ Kg7 32. f3 Ref6 33.
Ke1 Bc3 34. Kd1 Bxd2 35. Kxd2 Rxf3 36. a4 Rd6 37. a5 Rdxd3+ 38. Kc2 Ra3 39. Kb2
Rae3 40. Kc2 Re2+ 41. Kd1 Rh2 42. Ke1 Ra3 0-1

[Event "Vesterhavsturneringen 2004"]
[Site "Esbjerg"]
[Date "2004.07.05"]
[Round "4"]
[White "Madsen, Svend"]
[Black "Fyhn, Karsten"]
[Result "1/2-1/2"]
[WhiteElo "1502"]
[BlackElo "1796"]
[PlyCount "104"]
[EventDate "2004.??.??"]
[EventType "swiss"]
[EventRounds "9"]
[EventCountry "DEN"]

1. e4 e5 2. Nf3 Nf6 3. Nxe5 d6 4. Nf3 Nxe4 5. d3 Nf6 6. Be2 Be7 7. Nc3 O-O 8.
O-O b6 9. Be3 Bb7 10. Nd2 Nbd7 11. Bf3 Qc8 12. Nde4 Nxe4 13. Bxe4 f5 14. Nd5
Bd8 15. Bf3 Ne5 16. c4 c6 17. Nc3 Bf6 18. Bf4 Qd7 19. Bxe5 dxe5 20. Qc2 Rad8
21. Rad1 Qc8 22. b4 Rf7 23. b5 cxb5 24. Bxb7 Rxb7 25. Nxb5 a6 26. Nc3 b5 27.
Qb3 bxc4 28. Qxc4+ Qxc4 29. dxc4 Rxd1 30. Rxd1 Rc7 31. Nd5 Rxc4 32. Nxf6+ gxf6
33. g3 Kf7 34. Rd2 h5 35. Rb2 f4 36. Kg2 Kg6 37. Kf3 fxg3 38. hxg3 Kf5 39. Kg2
h4 40. gxh4 Rxh4 41. f3 Rd4 42. Kg3 Rd3 43. Kf2 Kf4 44. Rb4+ Rd4 45. Rb2 a5 46.
Rc2 a4 47. Ke2 f5 48. a3 e4 49. fxe4 fxe4 50. Rc3 Ke5 51. Rc5+ Rd5 52. Rc4 Rd4
1/2-1/2

[Event "Vesterhavsturneringen 2004"]
[Site "Esbjerg"]
[Date "2004.07.05"]
[Round "4"]
[White "Munksgaard, Dennis"]
[Black "Damm, Kasper Wilken"]
[Result "1/2-1/2"]
[WhiteElo "1846"]
[BlackElo "2241"]
[PlyCount "57"]
[EventDate "2004.??.??"]
[EventType "swiss"]
[EventRounds "9"]
[EventCountry "DEN"]

1. e4 c5 2. Nf3 Nc6 3. Be2 g6 4. d3 Bg7 5. Nc3 e6 6. Bg5 Qc7 7. O-O a6 8. Qc1
d6 9. h3 b5 10. Re1 Bb7 11. Nh2 f6 12. Be3 Nd4 13. Bf1 Ne7 14. Ne2 O-O 15. Nxd4
cxd4 16. Bxd4 Rac8 17. c3 e5 18. Be3 f5 19. Bh6 f4 20. Bxg7 Kxg7 21. Nf3 Rf6
22. Qd2 Rg8 23. d4 Kh8 24. a4 g5 25. axb5 axb5 26. dxe5 dxe5 27. Bxb5 Bc8 28.
Ra8 Qb7 29. Ra5 1/2-1/2

[Event "Vesterhavsturneringen 2004"]
[Site "Esbjerg"]
[Date "2004.07.05"]
[Round "4"]
[White "Nielsen, Anders"]
[Black "Krabbe, Daniel"]
[Result "0-1"]
[WhiteElo "1733"]
[BlackElo "2044"]
[PlyCount "62"]
[EventDate "2004.??.??"]
[EventType "swiss"]
[EventRounds "9"]
[EventCountry "DEN"]

1. e4 c5 2. c3 d5 3. exd5 Qxd5 4. d4 Nf6 5. Nf3 e6 6. Bd3 Nc6 7. O-O cxd4 8.
cxd4 Be7 9. Nc3 Qd6 10. Re1 O-O 11. Bg5 h6 12. Ne4 Qd8 13. Be3 Nd5 14. a3 Nxe3
15. fxe3 b6 16. Bc2 Bb7 17. Qd3 g6 18. Rf1 Rc8 19. h4 f5 20. Ned2 Bxh4 21. Nxh4
Qxh4 22. Rf4 Qg3 23. Bb3 Nxd4 24. Nf3 Bxf3 25. Rxf3 Nxf3+ 26. Kf1 Nh2+ 27. Kg1
Rfd8 28. Bxe6+ Kh8 29. Bd5 Qe5 30. Rd1 Ng4 31. e4 Qh2+ 0-1

[Event "Vesterhavsturneringen 2004"]
[Site "Esbjerg"]
[Date "2004.07.05"]
[Round "4"]
[White "Nielsen, Erling Moller"]
[Black "Stephensen, Mikkel"]
[Result "1-0"]
[WhiteElo "2034"]
[BlackElo "1648"]
[PlyCount "87"]
[EventDate "2004.??.??"]
[EventType "swiss"]
[EventRounds "9"]
[EventCountry "DEN"]

1. d4 Nf6 2. c4 e6 3. Nf3 d5 4. Nc3 Bb4 5. e3 Ne4 6. Qb3 Na6 7. Bd3 O-O 8. O-O
Bxc3 9. bxc3 c6 10. Ba3 Re8 11. Qc2 f5 12. Ne5 Qa5 13. Bb2 Rf8 14. f3 Ng5 15.
a4 Nf7 16. Ba3 c5 17. Nxf7 Rxf7 18. cxd5 cxd4 19. dxe6 Bxe6 20. exd4 Rc8 21. c4
Qd8 22. Qc3 Rd7 23. Bb2 Nc7 24. Qe1 Re7 25. Qg3 Ne8 26. d5 Bf7 27. Bd4 b6 28.
Rae1 Bg6 29. Rxe7 Qxe7 30. Re1 f4 31. Rxe7 fxg3 32. Bxg6 gxh2+ 33. Kxh2 hxg6
34. Rxa7 Rxc4 35. Bxb6 Rb4 36. a5 Rb5 37. Rd7 Nf6 38. Rd8+ Kf7 39. d6 Ke6 40.
Bc7 Rb7 41. Ra8 Nd5 42. a6 Rb2 43. Re8+ Kf7 44. a7 1-0

[Event "Vesterhavsturneringen 2004"]
[Site "Esbjerg"]
[Date "2004.07.05"]
[Round "4"]
[White "Nielsen, Henrik Lindholt"]
[Black "Christensen, Svend Ib"]
[Result "1/2-1/2"]
[WhiteElo "1839"]
[BlackElo "1517"]
[PlyCount "73"]
[EventDate "2004.??.??"]
[EventType "swiss"]
[EventRounds "9"]
[EventCountry "DEN"]

1. d4 d5 2. Nf3 Nf6 3. Bf4 Bf5 4. e3 e6 5. Bd3 Bxd3 6. Qxd3 h6 7. Qb5+ Nbd7 8.
Qxb7 Rb8 9. Qxa7 Rxb2 10. O-O Rxc2 11. Na3 Bxa3 12. Qxa3 c5 13. Qa4 Rc4 14. Qa3
O-O 15. Bd6 Qa8 16. Qxa8 Rxa8 17. dxc5 Nxc5 18. Nd2 Rc2 19. Bxc5 Rxd2 20. a4
Nd7 21. Bd6 Rc2 22. a5 Rc6 23. Bb4 Nb8 24. Rfc1 Raa6 25. Kf1 f6 26. Bd2 Kh7 27.
Rab1 Rxc1+ 28. Rxc1 Nc6 29. Rb1 Ra8 30. Ke2 Kg6 31. h3 h5 32. Kd3 Kf5 33. Ra1
Ra6 34. Rb1 Ra8 35. Ra1 Ra6 36. Rb1 Ra8 37. Ra1 1/2-1/2

[Event "Vesterhavsturneringen 2004"]
[Site "Esbjerg"]
[Date "2004.07.05"]
[Round "4"]
[White "Nielsen, Jorgen Kamp"]
[Black "Svendsen, Mads O"]
[Result "0-1"]
[WhiteElo "1291"]
[BlackElo "1744"]
[PlyCount "56"]
[EventDate "2004.??.??"]
[EventType "swiss"]
[EventRounds "9"]
[EventCountry "DEN"]

1. e4 c5 2. Nc3 d6 3. f4 a6 4. Bc4 e6 5. Nf3 Nc6 6. O-O b5 7. Be2 Bb7 8. d3 Be7
9. Qe1 Nf6 10. Kh1 Rc8 11. b3 Nd4 12. Bd1 O-O 13. Ne2 Nxf3 14. Rxf3 d5 15. e5
Ng4 16. h3 Nh6 17. d4 cxd4 18. Nxd4 Nf5 19. Be3 Nxe3 20. Rxe3 Bc5 21. Qd2 Qb6
22. Rd3 a5 23. Qf2 f6 24. Bg4 fxe5 25. Bxe6+ Kh8 26. Bxc8 Bxc8 27. Qf3 Bxd4 28.
c3 e4 0-1

[Event "Vesterhavsturneringen 2004"]
[Site "Esbjerg"]
[Date "2004.07.05"]
[Round "4"]
[White "Nielsen, Patricia"]
[Black "Kaarsberg, Allan"]
[Result "1-0"]
[WhiteElo "1291"]
[BlackElo "1766"]
[PlyCount "66"]
[EventDate "2004.??.??"]
[EventType "swiss"]
[EventRounds "9"]
[EventCountry "DEN"]

1. e4 e5 2. Nf3 Nc6 3. Bb5 d6 4. d4 exd4 5. Qxd4 Bd7 6. Qc4 Be7 7. Bf4 Nf6 8.
Nc3 O-O 9. O-O-O Be6 10. Qa4 Bd7 11. e5 Ne8 12. Ne4 a6 13. Bxc6 Bxc6 14. Qd4 d5
15. Nc3 b6 16. Qd3 g5 17. Be3 Ng7 18. h4 Bd7 19. Nxd5 Bf5 20. Qc3 g4 21. Nf6+
Bxf6 22. exf6 Qc8 23. fxg7 Re8 24. Ng5 Re7 25. Qf6 Rd7 26. Bd2 Bg6 27. h5 Rd6
28. hxg6 Rxf6 29. gxh7+ Kxg7 30. h8=Q+ Qxh8 31. Rxh8 Rxh8 32. Bc3 Rh5 33. Ne4
Rhf5 1-0

[Event "Vesterhavsturneringen 2004"]
[Site "Esbjerg"]
[Date "2004.07.05"]
[Round "4"]
[White "Nilsson, Jonas Gosta"]
[Black "Jensen, Leif"]
[Result "1/2-1/2"]
[WhiteElo "1698"]
[BlackElo "2057"]
[PlyCount "33"]
[EventDate "2004.??.??"]
[EventType "swiss"]
[EventRounds "9"]
[EventCountry "DEN"]

1. e4 e6 2. d4 d5 3. exd5 exd5 4. Bd3 Bd6 5. Nc3 c6 6. Nge2 Nf6 7. Bg5 O-O 8.
Qd2 Bg4 9. O-O-O Bxe2 10. Nxe2 Nbd7 11. Bf5 Qc7 12. Bxd7 Nxd7 13. Bf4 Bxf4 14.
Qxf4 Qxf4+ 15. Nxf4 Rfe8 16. Rhe1 Kf8 17. f3 1/2-1/2

[Event "Vesterhavsturneringen 2004"]
[Site "Esbjerg"]
[Date "2004.07.05"]
[Round "4"]
[White "Noe, Martin"]
[Black "Jensen, Alexander Tranberg"]
[Result "1-0"]
[WhiteElo "1506"]
[BlackElo "1255"]
[PlyCount "69"]
[EventDate "2004.??.??"]
[EventType "swiss"]
[EventRounds "9"]
[EventCountry "DEN"]

1. e4 g6 2. d4 Bg7 3. c3 d6 4. Nf3 Nc6 5. Bf4 Nf6 6. Bd3 a6 7. O-O b5 8. e5 Nd5
9. Be4 Be6 10. b3 Qd7 11. Bg3 Na5 12. Nbd2 Rb8 13. Rc1 Nb6 14. Ne1 O-O 15. Nd3
Rfc8 16. f4 Nd5 17. Qf3 Bh6 18. Bxd5 Bg4 19. Qe3 c6 20. Bf3 Bf5 21. Nb4 Rb6 22.
Bh4 dxe5 23. Qxe5 f6 24. Qe3 Re8 25. c4 e5 26. Bxf6 Bxf4 27. Qc3 Qxd4+ 28. Qxd4
exd4 29. Rcd1 Be3+ 30. Kh1 Bd3 31. Nxd3 Rf8 32. Ne4 Nb7 33. Nb4 Nd8 34. Bxd4
Bg5 35. Nxg5 1-0

[Event "Vesterhavsturneringen 2004"]
[Site "Esbjerg"]
[Date "2004.07.05"]
[Round "4"]
[White "Pedersen, Lars Wisler"]
[Black "Henriksen, Rene"]
[Result "0-1"]
[WhiteElo "1704"]
[BlackElo "1293"]
[PlyCount "94"]
[EventDate "2004.??.??"]
[EventType "swiss"]
[EventRounds "9"]
[EventCountry "DEN"]

1. e4 e5 2. Nf3 Nc6 3. d4 exd4 4. Nxd4 Bc5 5. Be3 Qf6 6. c3 Nge7 7. Bc4 O-O 8.
Nxc6 Qxc6 9. Bxc5 Qxc5 10. Qd4 Qg5 11. O-O Nc6 12. Qd2 Qg6 13. Qe3 Ne5 14. Nd2
d6 15. f4 Ng4 16. Qg3 Qh6 17. Rad1 d5 18. exd5 Qb6+ 19. Kh1 Ne3 20. Rde1 Nxf1
21. Nxf1 Qxb2 22. Re7 Qb1 23. d6 Be6 24. Bd3 Qd1 25. Qe3 cxd6 26. Qe4 g6 27. h4
Bf5 28. Be2 Qxf1+ 29. Bxf1 Bxe4 30. Rxe4 Rfe8 31. Rd4 Rad8 32. Kh2 d5 33. Bb5
Re4 34. Rd2 a6 35. Be2 Rxf4 36. g3 Rf6 37. g4 Rfd6 38. Rd4 b5 39. Bf3 Kg7 40.
a4 bxa4 41. Rxa4 Rc8 42. Ra3 d4 43. cxd4 Rxd4 44. Bb7 Rb8 45. Bf3 Rb6 46. Be2
Rd2 47. Kg3 Rxe2 0-1

[Event "Vesterhavsturneringen 2004"]
[Site "Esbjerg"]
[Date "2004.07.05"]
[Round "4"]
[White "Petersen, Martin Reib"]
[Black "Fredgaard, Jonathan"]
[Result "1-0"]
[WhiteElo "1783"]
[BlackElo "1563"]
[PlyCount "55"]
[EventDate "2004.??.??"]
[EventType "swiss"]
[EventRounds "9"]
[EventCountry "DEN"]

1. d4 d5 2. c4 c6 3. Nf3 Nf6 4. Bf4 e6 5. Nbd2 Nbd7 6. c5 Ne4 7. Nxe4 dxe4 8.
Nd2 e5 9. Bxe5 Nxe5 10. dxe5 Qa5 11. e3 Bf5 12. a3 Rd8 13. b4 Qc7 14. Bc4 Qxe5
15. O-O h5 16. Qc2 g5 17. Nb3 b5 18. cxb6 Bd6 19. g3 axb6 20. Nd4 Bh3 21. Nxc6
Qf6 22. Qxe4+ Kf8 23. Nxd8 h4 24. Nxf7 Bxf1 25. Qa8+ Ke7 26. Qb7+ Kf8 27. Rxf1
Qc3 28. Nxd6 1-0

[Event "Vesterhavsturneringen 2004"]
[Site "Esbjerg"]
[Date "2004.07.05"]
[Round "4"]
[White "Petersen, Tom Petri"]
[Black "Sulypa, Alexandre"]
[Result "0-1"]
[WhiteElo "2202"]
[BlackElo "2469"]
[PlyCount "76"]
[EventDate "2004.??.??"]
[EventType "swiss"]
[EventRounds "9"]
[EventCountry "DEN"]

1. g3 d5 2. Bg2 Nf6 3. d3 e5 4. Nf3 Nbd7 5. Nbd2 c6 6. e4 Bd6 7. O-O O-O 8. b3
a5 9. a4 Re8 10. Bb2 Bb4 11. Qe2 b6 12. Rfd1 Ba6 13. Nh4 Nc5 14. Qe3 d4 15. Qe2
b5 16. Bh3 bxa4 17. bxa4 Rb8 18. Rdb1 g6 19. Nhf3 Bc3 20. Bxc3 dxc3 21. Qe3 Qd6
22. Rxb8 Rxb8 23. Nb1 Rb2 24. Qc1 Bxd3 25. cxd3 Nxd3 26. Qxc3 Nxe4 27. Qxa5
Nexf2 28. Bf1 e4 29. Nfd2 Qd4 30. Qc3 Nh3+ 31. Kg2 Qg1+ 32. Kxh3 Nf2+ 33. Kh4
Qxh2+ 34. Kg5 Qh5+ 35. Kf4 Qf5+ 36. Ke3 Nd1+ 37. Ke2 Nxc3+ 38. Nxc3 Qf3+ 0-1

[Event "Vesterhavsturneringen 2004"]
[Site "Esbjerg"]
[Date "2004.07.05"]
[Round "4"]
[White "Pontoppidan, Erik"]
[Black "Clausen, Borge"]
[Result "1-0"]
[WhiteElo "1750"]
[BlackElo "1400"]
[PlyCount "51"]
[EventDate "2004.??.??"]
[EventType "swiss"]
[EventRounds "9"]
[EventCountry "DEN"]

1. d4 d5 2. c4 dxc4 3. Nf3 e6 4. Nc3 Nf6 5. Bg5 Be7 6. e3 O-O 7. Bxc4 h6 8. Bh4
Nbd7 9. O-O c6 10. Rc1 Nd5 11. Bxe7 Qxe7 12. Qe2 f5 13. Rfe1 N7b6 14. Bb3 Nxc3
15. bxc3 Bd7 16. Ne5 Nc8 17. Ng6 Qg5 18. Nxf8 Kxf8 19. e4 f4 20. f3 Ne7 21.
Rcd1 Ng6 22. Qf2 e5 23. dxe5 Bh3 24. Kh1 Bc8 25. Qc5+ Qe7 26. Rd8# 1-0

[Event "Vesterhavsturneringen 2004"]
[Site "Esbjerg"]
[Date "2004.07.05"]
[Round "4"]
[White "Porsgaard, Per Lykke"]
[Black "Hansen, Max Erik"]
[Result "0-1"]
[WhiteElo "1462"]
[BlackElo "1775"]
[PlyCount "74"]
[EventDate "2004.??.??"]
[EventType "swiss"]
[EventRounds "9"]
[EventCountry "DEN"]

1. d4 Nf6 2. c4 g6 3. Nc3 d5 4. Nf3 Bg7 5. Bf4 c6 6. e3 O-O 7. Bd3 dxc4 8. Bxc4
Nbd7 9. O-O Nb6 10. Bb3 Bg4 11. h3 Bxf3 12. Qxf3 Nbd5 13. Bh2 Nxc3 14. bxc3 Qa5
15. Rac1 Rac8 16. c4 e6 17. Bd6 Rfe8 18. Rfd1 Qf5 19. Qxf5 exf5 20. d5 cxd5 21.
cxd5 Ne4 22. Ba3 Bf8 23. Bxf8 Kxf8 24. Rc2 Rxc2 25. Bxc2 Ke7 26. Bb3 Rc8 27. f3
Nd6 28. Kf2 b5 29. Rd4 a5 30. e4 fxe4 31. fxe4 Kf6 32. Ke3 Ke5 33. Kd3 Rc1 34.
Ke3 Re1+ 35. Kd2 Rg1 36. Ke3 Rxg2 37. Kf3 Rh2 0-1

[Event "Vesterhavsturneringen 2004"]
[Site "Esbjerg"]
[Date "2004.07.05"]
[Round "4"]
[White "Poulsen, Iver"]
[Black "Haagen Larsen, Hans"]
[Result "1/2-1/2"]
[WhiteElo "2084"]
[BlackElo "1714"]
[PlyCount "103"]
[EventDate "2004.??.??"]
[EventType "swiss"]
[EventRounds "9"]
[EventCountry "DEN"]

1. e4 e6 2. d4 d5 3. Nc3 Bb4 4. e5 c5 5. a3 Bxc3+ 6. bxc3 Ne7 7. Qg4 O-O 8. Bd3
f5 9. exf6 Rxf6 10. Qh5 g6 11. Qd1 Nbc6 12. Nf3 cxd4 13. cxd4 Qa5+ 14. Bd2 Qa4
15. Bg5 Rf7 16. O-O Bd7 17. c3 Qxd1 18. Rfxd1 Re8 19. Bd2 b6 20. Re1 Nf5 21.
Ng5 Rf6 22. f4 Nd6 23. Nf3 Na5 24. Ne5 Bb5 25. Bc2 Nac4 26. Bc1 Ba6 27. Ba4 Re7
28. Bc6 Ne4 29. Ng4 Rf8 30. Ne3 Na5 31. Nxd5 Nxc6 32. Nxe7+ Nxe7 33. Rxe4 Bc4
34. Bd2 a5 35. a4 Kf7 36. Ree1 Nd5 37. g3 h5 38. Rab1 Rc8 39. Rb2 Rc6 40. h3
Bd3 41. Kh2 Nxc3 42. Rb3 Nxa4 43. Rxd3 Nb2 44. Rc3 Rd6 45. Rb1 Na4 46. Rc7+ Kf6
47. Be3 Rd5 48. g4 hxg4 49. hxg4 b5 50. Kg3 b4 51. Kf3 g5 52. fxg5+ 1/2-1/2

[Event "Vesterhavsturneringen 2004"]
[Site "Esbjerg"]
[Date "2004.07.05"]
[Round "4"]
[White "Roerholt, Carsten"]
[Black "Rasmussen, Kasper Ammitzboll"]
[Result "0-1"]
[WhiteElo "1618"]
[BlackElo "1896"]
[PlyCount "64"]
[EventDate "2004.??.??"]
[EventType "swiss"]
[EventRounds "9"]
[EventCountry "DEN"]

1. e4 c5 2. Nf3 Nc6 3. d4 cxd4 4. Nxd4 Nf6 5. f3 d5 6. Nxc6 bxc6 7. exd5 cxd5
8. Bb5+ Bd7 9. Qd3 e6 10. Bxd7+ Nxd7 11. O-O Bd6 12. Be3 O-O 13. c4 Qh4 14. f4
Nc5 15. Qd4 Be7 16. cxd5 Rfd8 17. Bf2 Qh5 18. Nc3 exd5 19. Rfe1 Ne6 20. Re5 Qh6
21. Qd2 Bd6 22. Qxd5 Bxe5 23. Qxe5 Qxf4 24. Qxf4 Nxf4 25. Nb5 a6 26. Nc7 Rab8
27. Nxa6 Rxb2 28. Be3 Nxg2 29. Bf2 Nf4 30. Be3 Ne6 31. Nc5 Nxc5 32. Bxc5 Rdd2
0-1

[Event "Vesterhavsturneringen 2004"]
[Site "Esbjerg"]
[Date "2004.07.05"]
[Round "4"]
[White "Rosenberg, Jan"]
[Black "Nielsen, Marianne Izaura"]
[Result "1-0"]
[WhiteElo "1786"]
[BlackElo "1617"]
[PlyCount "95"]
[EventDate "2004.??.??"]
[EventType "swiss"]
[EventRounds "9"]
[EventCountry "DEN"]

1. e4 c5 2. d4 cxd4 3. c3 d3 4. Qxd3 d6 5. Nf3 e6 6. Be3 Be7 7. Nbd2 Nf6 8. Be2
O-O 9. h3 Nc6 10. O-O b6 11. Rfd1 Bb7 12. Bf4 e5 13. Bh2 Qc7 14. Rac1 Rad8 15.
Qe3 Nb8 16. b4 Nbd7 17. g4 Kh8 18. g5 Ng8 19. Nh4 f6 20. g6 Nh6 21. gxh7 Kxh7
22. Nf5 Nxf5 23. exf5 Rh8 24. Qg3 Nf8 25. f3 Bd5 26. Kf2 Rd7 27. Bd3 Kg8 28.
Bb5 Rd8 29. Rg1 Rh7 30. h4 Rb8 31. h5 Bd8 32. Qh4 Qf7 33. h6 g5 34. fxg6 Nxg6
35. Rxg6+ Qxg6 36. Rg1 Rxh6 37. Rxg6+ Rxg6 38. Bd3 Rg7 39. Bf5 Rbb7 40. c4 Bf7
41. Ne4 Bxc4 42. Nxf6+ Kf7 43. Qxc4+ Kxf6 44. Qe6+ Kg5 45. Be4 Rbd7 46. f4+
exf4 47. Bxf4+ Kh4 48. Bf3 1-0

[Event "Vesterhavsturneringen 2004"]
[Site "Esbjerg"]
[Date "2004.07.05"]
[Round "4"]
[White "Sandbech, Ted"]
[Black "Hoiberg, Erling"]
[Result "0-1"]
[WhiteElo "1613"]
[BlackElo "2135"]
[PlyCount "76"]
[EventDate "2004.??.??"]
[EventType "swiss"]
[EventRounds "9"]
[EventCountry "DEN"]

1. Nf3 Nf6 2. d4 d6 3. c4 Nbd7 4. Nc3 e5 5. Bg5 Be7 6. dxe5 dxe5 7. e4 c6 8.
Bd3 O-O 9. O-O Qc7 10. Qe2 Nc5 11. Bc2 Bg4 12. Bh4 Ne6 13. Qe3 Bc5 14. Qe1 Bxf3
15. Bxf6 Nd4 16. Qc1 Qd6 17. Bh4 Be2 18. Re1 Bxc4 19. Bd1 b5 20. Be2 Be6 21.
Qg5 f6 22. Qc1 a5 23. Qd1 a4 24. Bg4 Rad8 25. Bxe6+ Qxe6 26. Qb1 Rd7 27. Ne2
Qg4 28. Nxd4 Bxd4 29. Bg3 a3 30. bxa3 Bxa1 31. Qb3+ Kh8 32. Rxa1 Qe2 33. Qf3
Qb2 34. Rd1 Rfd8 35. Rf1 Qc2 36. Bh4 Rd1 37. g3 Rxf1+ 38. Kxf1 Qd1+ 0-1

[Event "Vesterhavsturneringen 2004"]
[Site "Esbjerg"]
[Date "2004.07.05"]
[Round "4"]
[White "Schandorff, Lars"]
[Black "Hoi, Carsten"]
[Result "1-0"]
[WhiteElo "2505"]
[BlackElo "2359"]
[PlyCount "71"]
[EventDate "2004.??.??"]
[EventType "swiss"]
[EventRounds "9"]
[EventCountry "DEN"]

1. d4 Nf6 2. c4 g6 3. Nf3 Bg7 4. g3 O-O 5. Bg2 d6 6. Nc3 Bg4 7. Qb3 Qc8 8. Ne5
dxe5 9. Bxb7 Qe6 10. d5 Qf5 11. Bxa8 Nbd7 12. Bc6 Nc5 13. Qd1 e4 14. Qd2 h6 15.
Qe3 Na6 16. a3 e6 17. Qf4 Qh5 18. Nxe4 Nxe4 19. Qxe4 Qh3 20. d6 cxd6 21. Qg2
Qh5 22. Bf3 Bxf3 23. Qxf3 Qxf3 24. exf3 Rc8 25. Rb1 Rxc4 26. Be3 Nc5 27. b4
Nd3+ 28. Ke2 Rc3 29. Rhd1 Ne5 30. Rxd6 Rxa3 31. b5 Ra2+ 32. Rd2 Ra4 33. Rc2 Nc4
34. Rxc4 Rxc4 35. Bxa7 Bd4 36. Kd3 1-0

[Event "Vesterhavsturneringen 2004"]
[Site "Esbjerg"]
[Date "2004.07.05"]
[Round "4"]
[White "Sedlak, Nikola"]
[Black "Kjaergaard Jensen, Jesper"]
[Result "1-0"]
[WhiteElo "2519"]
[BlackElo "2124"]
[PlyCount "59"]
[EventDate "2004.??.??"]
[EventType "swiss"]
[EventRounds "9"]
[EventCountry "DEN"]

1. e4 d5 2. exd5 Qxd5 3. Nc3 Qa5 4. Bc4 c6 5. d3 Nf6 6. Bd2 Bg4 7. f3 Qe5+ 8.
Nge2 Bc8 9. d4 Qc7 10. Ne4 Nd5 11. Bd3 e5 12. dxe5 Qxe5 13. c4 Nb4 14. Bc3 Qc7
15. a3 N4a6 16. Qd2 Qe7 17. b4 c5 18. b5 Nc7 19. O-O h5 20. Rae1 Rh6 21. Nf4
Be6 22. Nd5 Qd7 23. Qxh6 gxh6 24. Nef6+ Kd8 25. Nxd7 Nxd7 26. Nf4 a6 27. b6
Nxb6 28. Ba5 Nc8 29. Rxe6 fxe6 30. Nxe6+ 1-0

[Event "Vesterhavsturneringen 2004"]
[Site "Esbjerg"]
[Date "2004.07.05"]
[Round "4"]
[White "Sig, Preben"]
[Black "Skovgaard, Peter Nicolai"]
[Result "0-1"]
[WhiteElo "1800"]
[BlackElo "2045"]
[PlyCount "50"]
[EventDate "2004.??.??"]
[EventType "swiss"]
[EventRounds "9"]
[EventCountry "DEN"]

1. e4 c5 2. Nf3 e6 3. d4 cxd4 4. Nxd4 a6 5. Be2 Nf6 6. f3 Nc6 7. Be3 d5 8. O-O
dxe4 9. fxe4 Bc5 10. c3 e5 11. Nf5 Bxe3+ 12. Nxe3 Qb6 13. Qc1 Nxe4 14. Bd3 Nf6
15. Na3 Be6 16. Kh1 e4 17. Bc4 Ne5 18. Bxe6 fxe6 19. Nac4 Nxc4 20. Nxc4 Qc5 21.
Ne3 O-O 22. Nc2 Ng4 23. Nd4 Qe5 24. g3 e3 25. Kg1 Nf2 0-1

[Event "Vesterhavsturneringen 2004"]
[Site "Esbjerg"]
[Date "2004.07.05"]
[Round "4"]
[White "Skytte, Rasmus"]
[Black "Pedersen, Christian Kyndel"]
[Result "1/2-1/2"]
[WhiteElo "2403"]
[BlackElo "2366"]
[PlyCount "43"]
[EventDate "2004.??.??"]
[EventType "swiss"]
[EventRounds "9"]
[EventCountry "DEN"]

1. e4 c6 2. d4 d5 3. Nc3 dxe4 4. Nxe4 Nd7 5. Bc4 Ngf6 6. Nxf6+ Nxf6 7. c3 Qc7
8. Ne2 Bg4 9. Qb3 e6 10. Bf4 Qb6 11. Ng3 Nd5 12. Bd2 O-O-O 13. h3 Bf5 14. Nxf5
exf5 15. O-O-O Qxb3 16. Bxb3 Be7 17. Rhe1 Bf6 18. Re2 Rhe8 19. Rde1 Rxe2 20.
Rxe2 Kd7 21. Kc2 g6 22. Kd1 1/2-1/2

[Event "Vesterhavsturneringen 2004"]
[Site "Esbjerg"]
[Date "2004.07.05"]
[Round "4"]
[White "Svensson, Sven"]
[Black "Larsen, Peter Elkjaer"]
[Result "1-0"]
[WhiteElo "2117"]
[BlackElo "1901"]
[PlyCount "91"]
[EventDate "2004.??.??"]
[EventType "swiss"]
[EventRounds "9"]
[EventCountry "DEN"]

1. d4 Nf6 2. c4 g6 3. Nc3 d5 4. Nf3 Bg7 5. Bg5 Ne4 6. Bh4 Nxc3 7. bxc3 dxc4 8.
Qa4+ Qd7 9. Qxc4 b5 10. Qb3 Bb7 11. e3 a6 12. Rc1 Qd5 13. c4 Qh5 14. Be2 Nd7
15. cxb5 Bd5 16. Qb4 O-O 17. Qxe7 Nb6 18. Qg5 Qxg5 19. Bxg5 axb5 20. Bxb5 Rxa2
21. O-O Rb2 22. Bc6 Bc4 23. Rb1 Rxb1 24. Rxb1 f5 25. Rc1 Bf6 26. Rxc4 Bxg5 27.
Nxg5 h6 28. Nf3 Nxc4 29. Bd5+ Kg7 30. Bxc4 Rb8 31. h4 Kf6 32. Ne5 Rb1+ 33. Kh2
g5 34. hxg5+ hxg5 35. Nd7+ Ke7 36. Nc5 f4 37. Nd3 fxe3 38. fxe3 Kf6 39. g4 Rd1
40. Kg2 Rd2+ 41. Kf3 Rc2 42. Bd5 Rd2 43. Nc5 Rc2 44. Be4 Rc1 45. Bf5 Rf1+ 46.
Ke2 1-0

[Event "Vesterhavsturneringen 2004"]
[Site "Esbjerg"]
[Date "2004.07.05"]
[Round "4"]
[White "Thogersen, Egon"]
[Black "Jensen, Jonbert"]
[Result "0-1"]
[WhiteElo "1000"]
[BlackElo "1421"]
[PlyCount "38"]
[EventDate "2004.??.??"]
[EventType "swiss"]
[EventRounds "9"]
[EventCountry "DEN"]

1. e4 d6 2. Nf3 Nf6 3. Nc3 g6 4. d4 Bg7 5. Bf4 O-O 6. Bd3 Nbd7 7. e5 Nh5 8. Qd2
Nxf4 9. Qxf4 Nb6 10. Qe4 c6 11. O-O Qc7 12. Rab1 Be6 13. b3 Rad8 14. Ng5 Bf5
15. Qe2 Bxd3 16. Qxd3 dxe5 17. Nf3 exd4 18. Nxd4 Bxd4 19. Ne4 Bxf2+ 0-1

[Event "Vesterhavsturneringen 2004"]
[Site "Esbjerg"]
[Date "2004.07.05"]
[Round "4"]
[White "Wilton, Lars"]
[Black "Rewitz, Poul"]
[Result "1/2-1/2"]
[WhiteElo "2125"]
[BlackElo "2255"]
[PlyCount "64"]
[EventDate "2004.??.??"]
[EventType "swiss"]
[EventRounds "9"]
[EventCountry "DEN"]

1. Nf3 c5 2. e4 Nc6 3. d4 cxd4 4. Nxd4 Nf6 5. Nc3 e5 6. Ndb5 d6 7. Bg5 a6 8.
Na3 b5 9. Nd5 Be7 10. Bxf6 Bxf6 11. c3 Bg5 12. Nc2 O-O 13. Bd3 Ne7 14. Nce3
Bxe3 15. Nxe3 Bb7 16. Bc2 d5 17. exd5 Nxd5 18. Nxd5 Qxd5 19. Qxd5 Bxd5 20. O-O
Rad8 21. a4 Bc4 22. Rfd1 Be2 23. Rxd8 Rxd8 24. axb5 axb5 25. Be4 Kf8 26. Ra8
Rxa8 27. Bxa8 Ke7 28. f3 f5 29. Kf2 Bc4 30. g4 g6 31. gxf5 gxf5 32. f4 Kd6
1/2-1/2